01257nam a22003257a 45000010005000000030006000050050017000110080041000280200018000690400029000870500014001160820011001301000015001412450037001562600035001933000045002284900033002735050008003065200155003145210028004695210021004976500046005186500034005646500025005986500013006239420015006369990015006519520133006669520132007991787FISKH20250130090727.0230929b cb ||||| |||| 00| 0 eng d a9780545317634 aFISKHbengcFISKHdFISKH aQL759.R93 a591.47 aRyan, Emma aAnimal disguises /cby Emma Ryan aNew York :bScholastic,c2011. a31 pages :bcolor illustrations ;c23 cm aScholastic reader. vLevel 2 aM  aProvides an introduction to animals on land, in the air, and under the sea that use camouflage to protect themselves from enemies, or hunt their prey.8 a550 bLexile Adjusted 8 aM bRaz-Plus  aCamouflage (Biology)vJuvenile literature aAnimalsvJuvenile literature. aCamouflage (Biology) aAnimals. 2ddccBKn0 c1787d1787 00102ddc40708NFICa001b001cATKSNFd2023-09-29l0oRYA 591.47 QL759.R93pFISBK02657r2023-09-29 13:48:16t1w2023-09-29yBK 00102ddc40708NFICa001b001cATKSNFd2025-04-21l0oRYA 591.47 QL759.R93p2025-1066r2025-04-21 12:23:47t2w2025-04-21yBK